LEADER 01579nas 2200493-a 450 001 996417495503316 005 20190418050744.1 011 $a0887-0160 035 $a(OCoLC)60621155 035 $a(CKB)111021054531296 035 $a(CONSER)--2014250564 035 $a(EXLCZ)99111021054531296 100 $a20050614b19861990 --- - 101 0 $aeng 135 $aur|n||||||||| 181 $ctxt$2rdacontent 182 $cc$2rdamedia 183 $acr$2rdacarrier 200 04$aThe journal of law and technology 210 $a[Washington, D.C.] $cComputer Law Group, Georgetown University Law Center 215 $a1 online resource (5 volumes) 300 $a"The legal implications of a technological age." 531 $aJOURNAL OF LAW AND TECHNOLOGY 531 $aJ LAW TECHNOL 531 $aTHE JOURNAL OF LAW & TECHNOLOGY 606 $aTechnology and law$vPeriodicals 606 $aHigh technology$vPeriodicals 606 $aHigh technology$2fast$3(OCoLC)fst00956404 606 $aTechnology and law$2fast$3(OCoLC)fst01145264 608 $aLaw reviews.$2fast 608 $aPeriodicals.$2fast 608 $aLaw reviews.$2lcgft 608 $aElectronic journals. 615 0$aTechnology and law 615 0$aHigh technology 615 7$aHigh technology. 615 7$aTechnology and law. 676 $a344/.095/05 676 $a342.49505 712 02$aGeorgetown University.$bLaw Center.$bComputer Law Group. 906 $aJOURNAL 912 $a996417495503316 996 $aThe journal of law and technology$91993782 997 $aUNISA LEADER 02667nam0 22005893i 450 001 VAN0164387 005 20230614024926.218 017 70$2N$a9783319230849 100 $a20210623d2016 |0itac50 ba 101 $aeng 102 $aCH 105 $a|||| ||||| 200 1 $aLaser Filamentation$eMathematical Methods and Models$fAndre D. Bandrauk, Emmanuel Lorin, Jerome V. Moloney editors 210 $aCham$cSpringer$d2016 215 $axii, 216 p.$cill.$d24 cm 410 1$1001VAN0164388$12001 $aCRM Series in Mathematical Physics$1210 $aBerlin$cSpringer 500 1$3VAN0164389$aLaser Filamentation : Mathematical Methods and Models$92522518 606 $a78-XX$xOptics, electromagnetic theory [MSC 2020]$3VANC022356$2MF 606 $a00A79 (77-XX)$xPhysics [MSC 2020]$3VANC023182$2MF 606 $a78A35$xMotion of charged particles [MSC 2020]$3VANC023432$2MF 606 $a35Q60$xPDEs in connection with optics and electromagnetic theory [MSC 2020]$3VANC029093$2MF 610 $aAtmospheric Remote Sensing$9KW:K 610 $aIntense Laser Pulse Propagation in Materials$9KW:K 610 $aIntensity Clamping$9KW:K 610 $aLaser Filamentation$9KW:K 610 $aLaser-guided Medicine$9KW:K 610 $aLasers in Planet Earth$9KW:K 610 $aLaster Filamentation Mathematical Methods and Models$9KW:K 610 $aLightning Guiding$9KW:K 610 $aMaxwell-Schroedinger Equations$9KW:K 610 $aMilitary Long-range Weapons$9KW:K 610 $aMultiple Filamentation$9KW:K 610 $aNon-perturbative Models$9KW:K 610 $aNon-perturbative Models Laser Filamentation$9KW:K 610 $aNonlinear Nonperturbative Optical Science$9KW:K 610 $aNonlinear Optical Processes Lasers$9KW:K 610 $aUltrafast Intense Laser Science$9KW:K 610 $aUltrafast Lasers$9KW:K 610 $aWave Guide Writing$9KW:K 620 $aCH$dCham$3VANL001889 702 1$aBandrauk$bAndre D.$3VANV148103 702 1$aLorin$bEmmanuel$3VANV148104 702 1$aMoloney$bJerome V.$3VANV148105 712 $aSpringer $3VANV108073$4650 801 $aIT$bSOL$c20240614$gRICA 856 4 $uhttp://doi.org/10.1007/978-3-319-23084-9$zE-book ? Accesso al full-text attraverso riconoscimento IP di Ateneo, proxy e/o Shibboleth 899 $aBIBLIOTECA DEL DIPARTIMENTO DI MATEMATICA E FISICA$1IT-CE0120$2VAN08 912 $fN 912 $aVAN0164387 950 $aBIBLIOTECA DEL DIPARTIMENTO DI MATEMATICA E FISICA$d08CONS e-book 2759 $e08eMF2759 20210623 996 $aLaser Filamentation$92522518 997 $aUNICAMPANIA LEADER 02076nam0 22004573i 450 001 VAN0192967 005 20230613105455.614 017 70$2N$a9783319637693 100 $a20210726d2017 |0itac50 ba 101 $aeng 102 $aCH 105 $a|||| ||||| 200 1 $aSearch for Sterile Neutrinos with the MINOS Long-Baseline Experiment$fAshley Michael Timmons 210 $aCham$cSpringer$d2017 215 $axx, 162 p.$cill.$d24 cm 410 1$1001VAN0104193$12001 $aSpringer theses$erecognizing outstanding Ph.D. research$1210 $aBerlin$cSpringer$d2010- 500 1$3VAN0192968$aSearch for Sterile Neutrinos with the MINOS Long-Baseline Experiment$91835134 606 $a00A79 (77-XX)$xPhysics [MSC 2020]$3VANC023182$2MF 606 $a85-XX$xAstronomy and Astrophysics [MSC 2020]$3VANC023246$2MF 606 $a81V35$xNuclear physics [MSC 2020]$3VANC023270$2MF 606 $a81Txx$xQuantum field theory; related classical field theories [MSC 2020]$3VANC027580$2MF 610 $aFeldman-Cousins$9KW:K 610 $aFermilab$9KW:K 610 $aLong-Baseline Experiment$9KW:K 610 $aMINOS$9KW:K 610 $aMixing Angles$9KW:K 610 $aMuon Neutrino Disappearance$9KW:K 610 $aNeutrino Mass Splitting$9KW:K 610 $aNeutrino Oscillations$9KW:K 610 $aSterile Neutrinos$9KW:K 620 $aCH$dCham$3VANL001889 700 1$aTimmons$bAshley M.$3VANV170861$0825013 712 $aSpringer $3VANV108073$4650 801 $aIT$bSOL$c20240614$gRICA 856 4 $uhttp://doi.org/10.1007/978-3-319-63769-3$zE-book ? Accesso al full-text attraverso riconoscimento IP di Ateneo, proxy e/o Shibboleth 899 $aBIBLIOTECA DEL DIPARTIMENTO DI MATEMATICA E FISICA$1IT-CE0120$2VAN08 912 $fN 912 $aVAN0192967 950 $aBIBLIOTECA DEL DIPARTIMENTO DI MATEMATICA E FISICA$d08CONS e-book 3269 $e08eMF3269 20210726 996 $aSearch for Sterile Neutrinos with the MINOS Long-Baseline Experiment$91835134 997 $aUNICAMPANIA